000 00594nam a2200205Ia 4500
003 GCL
008 140319s9999 xx 000 0 ara d
040 _aGCL /
_cGCL
082 0 4 _aط
_b813.02
_bن ى
100 1 _aمحمد قطب
245 1 0 _aاليمامة الذكية /
_cمحمد قطب
700 1 _aنجلاء محفوظ
260 _a[S.N] :
_bالهيئة المصرية العامة للكتاب
490 _a
650 0 4 _aالاطفال
650 0 4 _aالقصص العربية القصيرة
650 0 4 _aالقصص
650 0 4 _aقصص الاطفال
942 _2ddc
_cBK
999 _c33275
_d33275